| 000 | 00661nam a2200241 a 4500 | ||
|---|---|---|---|
| 005 | 20140310183334.0 | ||
| 008 | 060908s19uu xx 00 eng d | ||
| 020 | _a0-335-21768-0 | ||
| 050 |
_aT 14.5 _b.D65 2006 |
||
| 100 | _aBerker, Thomas | ||
| 245 |
_aDomestication of media and technology. / _cThomas Berker |
||
| 260 |
_aEngland : _bOpen University Press, _c2006. |
||
| 300 |
_a255 p. : _c 23 cm. |
||
| 521 | _aIT | ||
| 650 | _aDigital media. | ||
| 650 | _aOnline journalism. | ||
| 650 | _aReporters and reporting. | ||
| 700 | _aHartmann, Maren | ||
| 700 | _aPunie, Yves | ||
| 700 | _aWard, Katie | ||
| 942 |
_cBK _2lcc _kFOR |
||
| 999 |
_c21643 _d21643 |
||